000 00420nam a2200133 4500
999 _c10474
_d10474
008 180830b ||||| |||| 00| 0 eng d
022 _a16565649
082 _aDPer 303.405 H22 June -Sept 2016 v.12 n. 7-10
245 _aSparkling star.
260 _aQuezon City:
_bHardware Zone Phils. Corp.,
_cJune -Sept 2016.
300 _av12 n8, page 38:
_billustrations;
_c28 cm.
650 0 _930749
_aTechnology.
942 _2ddc
_cPER